Science Quiz

Random Science or Chemistry Quiz
Score 0/20 Timer 05:00
1 Play Today
Molecule Highest Bond Order % Correct
hydrochloric acid (HCl)???
81.5%
carbon tetrachloride (CCl4)???
81.4%
methane (CH4)???
81.1%
hydrogen (H2)???
81%
ammonia (NH3)???
80.4%
water (H2O)???
78%
oxygen (O2)???
76%
phosgene (COCl2)???
70.7%
boron trifluoride (BF3)???
68.9%
ethylene (C2H4)???
68.3%
Molecule Highest Bond Order % Correct
iodine trifluoride (IF3)???
66.6%
dimethyl sulfoxide ((CH3)2SO)???
65.4%
bromoethene (C2H3Br)???
65.2%
sulfur trioxide (SO3)???
64.4%
acetic acid (CH3CO2H)???
63.1%
nitrogen (N2)???
62.1%
phosphoric acid (H3PO4)???
54.5%
cyanogen (C2N2)???
46.1%
acetylene (C2H2)???
43.4%
carbon monoxide (CO)???
32.7%
Remove Ads.
Support Sporcle.
Get the best of Sporcle when you Go Orange. This ad-free experience offers more features, more stats, and more fun while also helping to support Sporcle. Thank you for becoming a member.

You're not logged in!

Compare scores with friends on all Sporcle quizzes.
OR
Log In

Show Comments

Extras

Top Quizzes Today


Score Distribution

Your Account Isn't Verified!

In order to create a playlist on Sporcle, you need to verify the email address you used during registration. Go to your Sporcle Settings to finish the process.

Report this User

Report this user for behavior that violates our Community Guidelines.

Details: